000 00718nam a2200265Ia 4500
005 20260121165056.0
008 008 260114s9999 xx 000 0 eng d
020 _a9781137561756
037 _aEBOOK
040 _aCRL
040 _beng
040 _cCRL
041 _2eng
041 _aeng
084 _qCRL
100 _aDubai Economic Council, Adrian Cohen, , Tarek Hajjiri
_91047228
245 0 _aGlobal Insolvency and Bankruptcy Practice for Sustainable Economic Development
260 _bSpringer
260 _bSpringer
260 _c2016
856 _uhttps://link.springer.com/openurl?genre=book&isbn=978-1-137-56175-6
942 _cEBOOK
999 _c1612953
_d1612953